000 00287nam a2200121Ia 4500
008 100122s9999 xx 000 0 und d
082 _b10084
245 _aहेमांगी
300 _a192
630 _aहेमांगी
730 _aहेमांगी
942 _cBOOK
999 _c383604
_d383601